Oracion panegirica, que en el ultimo dia de las solemnissimas fiestas que la venerable congregacion del Señor San Phelipe Neri de Sevilla, celebró por la dedicacion de su iglesia consagrada à Maria Santissima de los Dolores, predicò el Rmo. P.M. Fr. Fernando de Gongora Prior del Colegio de Monte-Sion, Orden de Predicadores haziendo la fiesta la ciudad nobilissima de Sevilla. Sacala à luz, y la dedica à la misma congregacion D. Martin Clemente de Deza

Detalles Bibliográficos
Autor principal: Góngora, Fernando de
Formato: Libro
Lenguaje:Undetermined
Spanish
Publicado: [Sevilla : s.n., 1711.
Materias:
Colección:Banco de datos
Acervo:Biblioteca Palafoxiana. Colección bibliográfica
Descripción Física:[18], 36 p. ; 4°
Tema general:Homilética
Notas:Pie de imprenta tomado de la aprobación. Falta encuadernación. Número de localización: 40616-A Encuadernado con 5 obras
LEADER 01009nam a2200169Ia 4500
008 150723s9999 xx 000 0 und d
041 0 |a spa 
050 0 |a PAFX BV4207 G6 
100 1 |a Góngora, Fernando de 
245 1 0 |a Oracion panegirica, que en el ultimo dia de las solemnissimas fiestas que la venerable congregacion del Señor San Phelipe Neri de Sevilla, celebró por la dedicacion de su iglesia consagrada à Maria Santissima de los Dolores, predicò el Rmo. P.M. Fr. Fernando de Gongora Prior del Colegio de Monte-Sion, Orden de Predicadores haziendo la fiesta la ciudad nobilissima de Sevilla. Sacala à luz, y la dedica à la misma congregacion D. Martin Clemente de Deza 
260 |a [Sevilla : s.n., 1711. 
300 |a [18], 36 p. ; 4° 
500 |a Pie de imprenta tomado de la aprobación. Falta encuadernación. Número de localización: 40616-A Encuadernado con 5 obras 
650 1 0 |a Homilética 
942 |c PALALIB 
943 |g Biblioteca Palafoxiana. Colección bibliográfica 
999 |c 1064751  |d 1064751